Normal view
MARC view
- المنظمة العربية للتنمية الإدارية، القاهرة
Entry Personal Name
001 - CONTROL NUMBER
- control field: 51971
003 - CONTROL NUMBER IDENTIFIER
- control field: JO-AjAnu
005 - DATE AND TIME OF LATEST TRANSACTION
- control field: 20230606082539.0
008 - FIXED-LENGTH DATA ELEMENTS
- fixed length control field: 230606|| aca||aabn | a|a d
040 ## - CATALOGING SOURCE
- Original cataloging agency: JO-AjAnu
- Transcribing agency: JO-AjAnu
100 ## - HEADING--PERSONAL NAME
- Personal name: المنظمة العربية للتنمية الإدارية، القاهرة
670 ## - SOURCE DATA FOUND
- Source citation: Work cat.: (JO-AjAnu)26562: المنظمة العربية للتنمية الإدارية، القاهرة, author, إعادة هندسة الإجراءات ودورها في التطوير الإداري : ملتقى الإصلاح المالي والإداري : تبسيط الإجراءات في المعاملات المالية والإدارية (2009 : إسطنبول، تركيا)